La transformación del Estado en América Latina. Desarrollo histórico y visión del futuro
Guardat en:
| Autor principal: | |
|---|---|
| Format: | Text |
| Publicat: |
s.l.:
s.e.
|
| Etiquetes: |
Afegir etiqueta
Sense etiquetes, Sigues el primer a etiquetar aquest registre!
|
MARC
| LEADER | 00000 a a2200000 04500 | ||
|---|---|---|---|
| 001 | 24745 | ||
| 003 | |||
| 040 | |||
| 090 | |a 177300 | ||
| 100 | |a Ottone, Ernesto | ||
| 245 | |a La transformación del Estado en América Latina. Desarrollo histórico y visión del futuro | ||
| 260 | |a s.l.: |b s.e. | ||
| 300 | |a 12 p. | ||
| 999 | |c 8751 |d 8751 | ||
